000 01410nam a2200349 i 4500
003 EG-GICUC
005 20260121101634.0
008 260101s2011 ua ||||fr|||| 000 0 ara d
017 _a2010/2163
020 _a978 977-04-6662-3
040 _a EG-GICUC
_bara
_c EG-GICUC
_d EG-GICUC
_erda
041 _aara
082 0 4 _221
_a345.63
_bص ل . ع
092 0 4 _221
099 _aLaw1 07 345.63 ص ل . ع 2011
100 0 _aصلاح أحمد السيد جودة
_eمؤلف.
245 1 2 _aالعيوب الشكلية والموضوعية للقرارت الإدارية :
_bدراسة مقارنة بالشريعة الاسلامية.
_pالجزء السادس /
_cدكتور صلاح احمد السيد جودة.
264 1 _aالقاهرة :
_bدار النهضة العربية,
_c2011.
300 _a 199 صفحة ؛
_c24 سم
_bإيضاحيات، صور، مثيليات ؛
336 _2rda content
_atext
337 _2rda media
_aComputer
338 _2rda carrier
_aOnline Resource
504 _a. 196-191 ببليوجرافيا: صفحات.
546 _aالنص باللغة العربية
650 1 4 _aعيوب القرار الإداري
_2qrmak
650 1 4 _aالقرارت الإدارية
_2qrmak
650 1 4 _aركن الشكل والاجراء
651 1 _2qrmak
856 4 0 _uhttps://fll.law.cu.edu.eg/fulltext/bks/B07-02062.pdf
905 _a79
942 _2ddc
_cBK
_e21
_n0
999 _c53799
_d53799